01051 2200337 4500001002100000005001500021035002000036007000300056008004100059020002200100082001500122084001700137100002000154245007300174250002500247260003600272300004400308500005100352500007500403500004100478650002300519710001800542040001700560090001900577850001200596041000800608490003500616246002600651990001800677990001800695INLIS00000000081771520181126100707 a0010-1118000061ta181025s2017 jbia a 1 ind d a978-602-6633-20-004223a028.55 a028.55 ANA k0 aAna P. Dewiyana15aKeledai dan Nabi Uzair /cAna P. Dewiyana; ilustrator, Mantox Studio aCetakan I, Juni 20173 aBandung :bPelangi Mizan,c2017 a2 volume :bilustrasi berwarna ;c22 cm aTerdiri dari dua volume berbatasan bolak-balik aAdaptasi dari buku: Qishash al-Hayawan fi Al-Quran, karya Ahmad Bahjat aDiadaptasi oleh: Iip Dzulkifli Yahya 4aBacaan kanak-kanak2 aMantox Studio aYOPDYOGbind aK 028.55 ANA k aYOPDYOG0 aind aCerita binatang dalam Al-Quran aSemut pengawal lembah a36520-PD/B.18 a36521-PD/B.18